000 01024nam a2200265 4500
001 174490
003 ES-MaACL
005 20230906215539.0
008 100429s1979 sp a |||| |dspa d
017 _aM 27963-1979
080 _a76 Harris, Tomás:061.46(46)
100 1 _aHarris, Tomás (
_d1908-1964)
_9142626
245 1 0 _aTomás Harris
_b: exposición itinerante : grabados.
246 3 3 _aTomás Harris
_b: grabados
260 _aMadrid :
_bDirección General del Patrimonio Artístico, Archivos y Museos,
_c[1979]
300 _a31 p. :
_bprincipalmente il. ;
_c25 cm.
490 1 _aPublicación del Patronato Nacional de Museos
600 1 7 _aHarris, Tomás (
_d1908-1964)-
_vExposiciones.
_9142627
655 7 _2tgfbne
_9193628
_aCatálogos de exposiciones
710 1 _aEspaña.
_bDirección General del Patrimonio Artístico, Archivos y Museos.
_93789
830 0 _aPublicación del Patronato Nacional de Museos
_9189429
852 4 _a BA
_jC-57180
942 _2udc
999 _c174490
_d174490